Southville International School and Colleges
Your cart is empty.
  • Cart
  • Lists
    Public lists Eva Luna New books Lux_list list_1
    Your lists Log in to create your own lists
  • Log in to your account
  • Your cookies
  • Search history
Southville International School and Colleges
  • Advanced search
  • Recent comments
  • Most popular
  • Libraries

Log in to your account

Log in with GOOGLE


If you do not have an external account, but do have a local account, you can still log in:

  1. Home
  2. MARC view: International marketing /
Normal view MARC view ISBD view

International marketing / (Record no. 23393)

[ view plain ]
MARC details
000 -LEADER
fixed length control field 00662nam a2200241 a 4500
003 - CONTROL NUMBER IDENTIFIER
control field OSt
005 - DATE AND TIME OF LATEST TRANSACTION
control field 20140507152645.0
008 - FIXED-LENGTH DATA ELEMENTS--GENERAL INFORMATION
fixed length control field 090120s19uu xx 00 eng d
020 ## - INTERNATIONAL STANDARD BOOK NUMBER
International Standard Book Number 9789715846523
050 ## - LIBRARY OF CONGRESS CALL NUMBER
Classification number HF 1009.5
Item number .Su959 2008
100 ## - MAIN ENTRY--PERSONAL NAME
Personal name Suplico, Luz T.
245 ## - TITLE STATEMENT
Title International marketing /
Statement of responsibility, etc Luz T. Suplico.
260 ## - PUBLICATION, DISTRIBUTION, ETC. (IMPRINT)
Place of publication, distribution, etc Philippines :
Name of publisher, distributor, etc C&E Publishing,
Date of publication, distribution, etc c2008.
300 ## - PHYSICAL DESCRIPTION
Extent 244 p. :
Other physical details ill. ;
Dimensions 22 cm.
521 ## - TARGET AUDIENCE NOTE
Target audience note
650 ## - SUBJECT ADDED ENTRY--TOPICAL TERM
Topical term or geographic name as entry element BSBA.
650 ## - SUBJECT ADDED ENTRY--TOPICAL TERM
Topical term or geographic name as entry element Export marketing.
650 ## - SUBJECT ADDED ENTRY--TOPICAL TERM
Topical term or geographic name as entry element International business enterprises.
700 ## - ADDED ENTRY--PERSONAL NAME
Personal name Garcia, Leonardo R.
700 ## - ADDED ENTRY--PERSONAL NAME
Personal name Esguerra, Renato S.
942 ## - ADDED ENTRY ELEMENTS (KOHA)
Koha item type Books
Source of classification or shelving scheme Library of Congress Classification
Call number prefix Filipininana
Holdings
Withdrawn status Lost status Source of classification or shelving scheme Damaged status Home library Current library Shelving location Date acquired Source of acquisition Total Checkouts Full call number Barcode Date last seen Copy number Price effective from Koha item type
    Library of Congress Classification   College Library College Library General Circulation Section 10/03/2011     HF 1009.5 .Su959 2008 C13428 05/15/2018 1 10/18/2013 Books

International marketing /

APA

Suplico L. T., Garcia L. R. & Esguerra R. S. (2008). International marketing. Philippines: C&E Publishing.

Chicago

Suplico Luz T, Garcia Leonardo R and Esguerra Renato S. 2008. International marketing. Philippines: C&E Publishing.

Harvard

Suplico L. T., Garcia L. R. and Esguerra R. S. (2008). International marketing. Philippines: C&E Publishing.

MLA

Suplico Luz T, Garcia Leonardo R and Esguerra Renato S. International marketing. Philippines: C&E Publishing. 2008.

  • Place hold
  • Print
  • Cite
  • Add to your cart (remove)
  • Save record
    BIBTEX Dublin Core MARCXML MARC (non-Unicode/MARC-8) MARC (Unicode/UTF-8) MARC (Unicode/UTF-8, Standard) MODS (XML) RIS
  • More searches
    Search for this title in:
    Other Libraries (WorldCat) Other Databases (Google Scholar) Online Stores (Bookfinder.com) Open Library (openlibrary.org)

Exporting to Dublin Core...

SOUTHVILLE LIBRARY

Southville International School and Colleges Library

1281 Tropical Ave. Cor. Luxembourg St., BF Homes International, Las Pinas City

Tel. No. 8256374 / 252358 Loc. 117/146

Powered by Koha